000 00486nam a2200181Ia 4500
003 LK-CoDNM
008 010623t1985 xxu||||| |||| 00| 1 sin d
040 _aLK-CoDNM
_dLK-CoDNM
_eLK-CoDNM
041 _asin
080 _a92 NAN
100 _aNandisena, G.W.
245 _aලොව හෙල්ලූ අපූරු චරිත පහක්
246 _aLowa hellu apuru charitha pahak
260 _bAuthor
_c1985
300 _b99, 19 cm
650 _aBiography
942 _cBK
999 _c113029
_d113029